000 00805nam a2200301Ia 4500
003 OSt
005 20221006144453.0
006 a|||||r|||| 00| 0
007 ta
008 221006b |||||||| |||| 00| 0 eng d
020 _a0312049455
_c£13.95
020 _a9780312049454
024 _a11,743
037 _cTextual
040 _aEASL
_cEASL
_beng
041 _2eng
_aeng
082 _aV1:1954,(zT)'N70, M3
100 _aTOWLE Phillp
_9652084
245 0 _aArms control and east west relations
260 _aLondon
_bCroom Helm
_c1983
300 _a187p.
_ccm.
490 _v Gen
650 _a Gen
650 _a International relations
650 _aArms control
_920231
942 _hV1:1954,(zT)'N70, M3
_cTEXL
_2CC
999 _c1079829
_d1079829